000 00514nam a22001817a 4500
005 20251108175432.0
008 250721s2015 xx 000 0 ara d
082 1 4 _a780/كار
100 1 _aكارويي، أوتو
245 1 0 _aمدخل إلى الموسيقى /
264 1 _aراس الخيمة :
_bدار نون للنشر،
_c2015.
300 _a200 ص.
650 1 7 _aالموسيقى
650 1 7 _aالتاريخ
700 1 _aصالح، ثائر
_eمترجم
942 _2ddc
_cBK
999 _c134051
_d134051